| 000 | 005070000a22001930004500 | ||
|---|---|---|---|
| 001 | 002568 | ||
| 003 | MACL | ||
| 005 | 20150915125658.0 | ||
| 008 | 150915b xxu||||| |||| 00| 0 eng d | ||
| 040 |
_aMACL _cMACL |
||
| 041 | _aEnglish | ||
| 082 | _a823/NAI | ||
| 100 |
_aNaik, Chanchala _911066 |
||
| 245 |
_aWriting Difference _bThe Novels of Shashi Deshpande _cChanchala Naik |
||
| 260 |
_aNew Delhi _c2005 _bPencraft International, |
||
| 350 | _a480 | ||
| 650 |
_aFiction _911067 |
||
| 942 |
_k823 _cBK _2ddc |
||
| 999 |
_c14477 _d14477 |
||